01319cam a22003734i 4500003000900000005001700009008004100026020001500067020001800082035002000100040003300120082002200153100003100175245007200206264004800278300005400326336002100380337002500401338002300426504003900449505033800488526001000826526001000836526001000846526001000856526000800866526000800874526000800882526000800890526000800898526000800906526000800914630002300922PE-LiUPU20250731173116.0190708s1980 mnua rb 000 0 eng d a0871230232 a9780871230232 a(Sirsi) a252257 aPE-LiUPUbspacPE-LiUPUerda04a220.0216bM432201 aMeredith, Joel L.,eautor.10aBook of Bible lists :b[Bible facts in list form] /cJ.L. Meredith. 1aMinneapolis, Minn. :bBethany House,c1980. a286 páginas :bilustraciones;c22 centímetros atext2rdacontent aunmediated2rdamedia avolume2rdacarrier aBibliografía: páginas 285-286.0 aCommandments -- Promises -- New Testament proverbs and facts -- Supernatural events -- Word power -- Books -- People -- Sex -- Characteristics -- Love -- God's gifts to men -- Sin -- Lies -- Miracle workers and their deeds -- Numbers -- Flora and fauna -- Names -- Bible treasures -- Ships and other floating objects -- Other things. aSEG42 aSEG41 aSEG40 aSEG39 aP94 aP87 aP86 aP85 aP77 aP76 aP35 aBibliavíndices.